Bilecik Bilecik Bilecik Bilecik Bilecik

Politik ekonominin yeni bir eleştirisi için/ (Record no. 42934)

MARC details
000 -BAŞLIK
Sabit Uzunluktaki Kontrol Alanı 01159nam a22003377a 4500
001 - KONTROL NUMARASI
Control Dosyası 0043113
003 - KONTROL NUMARASI KİMLİĞİ
Kontrol Alanı KOHA_MİRAKIL
005 - EN SON İŞLEM TARİHİ ve ZAMANI
Kontrol Alanı 20260207003336.0
007 - FİZİKSEL TANIM SABİT ALAN - GENEL BİLGİ
Sabit uzunluklu kontrol alanı ta
008 - SABİT UZUNLUKTAKİ VERİ ÖGELERİ - GENEL BİLGİ
Sabit Alan 130730b2012 tu |||gr||||#||||0|tur |
020 ## - ISBN - ULUSLARARASI STANDART KİTAP NUMARASI
Isbn 9786056321696
040 ## - KATALOGLAMA KAYNAĞI
Özgün Kataloglama Kurumu TR-BiSEU
Kataloglama Dili tur
Çeviri Kurumu TR-BiSEU
Açıklama Kuralları rda
041 0# - DİL KODU
Metin ya da ses kaydının dil kodu tur
044 ## - YAYINLAYAN/ÜRETEN KURULUŞUN ÜLKE KODU
ISO country code tu
050 ## - SINIFLAMA ve YER NUMARASI
Sınıflama Numarası HB3722
Yer Numarası .S75 2012
100 1# - KİŞİ ADI
Yazar Adı (Kişi adı) Stiegler, Bernard.
245 1# - ESER ADI BİLDİRİMİ
Başlık Politik ekonominin yeni bir eleştirisi için/
Sorumluluk Bildirimi Bernard Stiegler ; Fransızcadan çev. Elyesa Koytak.
264 #1 - ÜRERİM, YAYIN, DAĞITIM ve TELİF BİLDİRİMİ
Yayın yeri İstanbul :
Yayınlayan MonoKL
Yayın tarihi 2012
300 ## - FİZİKSEL TANIMLAMA
Sayfa, Cilt vb. 86 sayfa; 22 cm.
336 ## - İÇERİK TÜRÜ
Content type term metin
Content type code txt
Source rdacontent
337 ## - MEDYA TÜRÜ
Media type term aracısız
Media type code n
Source rdamedia
338 ## - TAŞIYICI TÜRÜ
Carrier type term cilt
Carrier type code nc
Source rdacarrier
500 ## - GENEL NOT
Genel Not Özgün adı : Pour une nouvelle critique de l'économie politique
650 #0 - KONU BAŞLIĞI EK GİRİŞ - KONU TERİMİ
Konusal terim veya coğrafi ad Küresel Mali Kriz, 2008-2009.
9 (RLIN) 80239
650 #0 - KONU BAŞLIĞI EK GİRİŞ - KONU TERİMİ
Konusal terim veya coğrafi ad Global Financial Crisis, 2008-2009.
9 (RLIN) 70455
650 #0 - KONU BAŞLIĞI EK GİRİŞ - KONU TERİMİ
Konusal terim veya coğrafi ad Ekonomi--Siyasal yönleri.
9 (RLIN) 19932
650 #0 - KONU BAŞLIĞI EK GİRİŞ - KONU TERİMİ
Konusal terim veya coğrafi ad Economics--Political aspects.
9 (RLIN) 80240
650 #0 - KONU BAŞLIĞI EK GİRİŞ - KONU TERİMİ
Konusal terim veya coğrafi ad Çağdaş Ekonomik Kriz--Felsefi Deneme.
9 (RLIN) 80241
650 #0 - KONU BAŞLIĞI EK GİRİŞ - KONU TERİMİ
Konusal terim veya coğrafi ad Contemporary Economic Crisis--Philosophical Essay.
9 (RLIN) 80242
942 ## - EK GİRİŞ ÖGELERİ (KOHA)
Source of classification or shelving scheme Library of Congress Classification
Koha item type Book
Holdings
Materyal Türü Kalıcı Konum Mevcut Konum Raf Yeri Sınıflandırma Kaynağı Edinim Bilgisi Ana Konular Alt Konular Yer Numarası Demirbaş Numarası Fatura Tarihi Maliyet, Alış Fiyatı Maliyet, Yenileme Fiyatı Geri Çekilme Durumu Kayıp Durumu Hasarlı Durumu Kredi için değil Kayıt Tarih Toplam Ödünçverme Son Görülme Tarihi Son Kontrol Tarihi Satın Alma Notu
Book Prof. Dr. Azmi Özcan Kütüphanesi Prof. Dr. Azmi Özcan Kütüphanesi Uluğbey Salonu Library of Congress Classification Satın SOSYAL BİLİMLER Ekonomi Teorisi, Demografi HB3722 .S75 2012 0043113 24/09/2013 7.08 7.08         30/07/2013 1 05/12/2024 05/12/2024 73291-73383 (92 sayfa)